000 00356 a2200157 4500
001 45924
020 _a9788574166346
040 _cAnchieta - Aquarius
100 _aJunqueira, Sônia
240 1 0 _aNo lugar do coração
_lpor
245 1 0 _aNo lugar do coração
300 _a40
362 0 _a2012
650 4 _aLiteratura infanto-juvenil
942 _cBK
999 _c45924
_d45924